000 00766nam a22002652a 4500
001 29122
003 BD-RjUL
005 20211209051356.0
008 140402s1975 enkah 001 0 eng d
020 _a0720600448
035 _a(BD-RjUL)29207
040 _aUKM
_cUKM
_dBD-RjUL
_beng
041 _aeng
082 _a155.282
_219
_bHAY 1975
100 1 _aHartford, Huntington,
_d1911-2008
_988930
245 1 0 _aYou are what you write /
_cby Huntington Hartford
260 _aLondon :
_bOwen,
_c1975
300 _axix, 380 p. :
_bill., facsims. ;
_c22 cm
500 _aOriginally published: New York : Macmillan, 1973
504 _aIncludes bibliographies and index
650 0 _aGraphology
_988846
942 _2ddc
_cBK
999 _c29122
_d29122